000 00818nam a2200265Ia 4500
003 OSt
005 20220918105837.0
006 a|||||r|||| 00| 0
007 ta
008 220915b |||||||| |||| 00| 0 eng d
024 _a16810
037 _cReference Collections
040 _aARTS
_cARTS
_beng
041 _2eng
_aeng
082 _aNA44Q74,L8, N7 (RR)
100 _aLari Swhail Zaheer
_94376
245 0 _aJewel of Sindh
_b samma monuments on Makli Hill
260 _aKarachi
_bHeritage Foundation
_c1997
300 _ax,245p.
490 _aHistorical and marks of Pakistan series
650 _aARCHITECTURE; ARTS
_92230
700 _a Lari Yasmeen
_94377
942 _hNA44Q74,L8, N7 (RR)
_cREF
999 _c109851
_d109851